Poesia als parcs : lletres i paisatges lletres i paisatges
Descripción Física:
[7] p. : il. col. ; 21 cm
Colección:
Activitats culturals
MARC
| LEADER | 00000nam a2200000Ia 4500 | ||
|---|---|---|---|
| 001 | 23886 | ||
| 008 | 160829s2014 xx 000 0 cat d | ||
| 080 | |a FU-62-62 | ||
| 245 | |a Poesia als parcs : |b lletres i paisatges | ||
| 260 | |a Barcelona : |b Diputació de Barcelona. Àrea de Territori i Sostenibilitat, |c 2014 | ||
| 300 | |a [7] p. : |b il. col. ; |c 21 cm | ||
| 490 | |a Activitats culturals | ||
| 650 | 0 | |a Parcs Naturals |z Barcelona (Catalunya : Província) |v Guies |9 50316 | |
| 710 | 1 | |a Barcelona (Catalunya : Província). |b Àrea de Territori i Sostenibilitat |9 52770 | |
| 710 | 2 | |a Institució de les Lletres Catalanes |9 52977 | |
| 901 | |a Arxiu | ||
| 942 | |n 1 |2 udc | ||
| 952 | |0 0 |1 0 |4 0 |7 1 |9 55930 |a Arxiu |b Arxiu |d 2023-04-18 |h 2014 |o FU-62-62 |p 23886 |r 2016-12-01 00:00:00 |w 2016-12-01 |y ARXIU | ||
| 999 | |c 59803 |d 59803 | ||